പഴശ്ശി : : (Record no. 352012)
[ view plain ]
| 000 -LEADER | |
|---|---|
| fixed length control field | 01228nam a2200373 a 4500 |
| 001 - CONTROL NUMBER | |
| control field | vtls000393279 |
| 003 - CONTROL NUMBER IDENTIFIER | |
| control field | NLI |
| 005 - DATE AND TIME OF LATEST TRANSACTION | |
| control field | 20210602195429.0 |
| 008 - FIXED-LENGTH DATA ELEMENTS--GENERAL INFORMATION | |
| fixed length control field | 110114s2008 ii b g 000 0 mal d |
| 020 ## - INTERNATIONAL STANDARD BOOK NUMBER | |
| International Standard Book Number | 8182645743 |
| Terms of availability | Rs. 100.00 (pbk) |
| 039 #9 - LEVEL OF BIBLIOGRAPHIC CONTROL AND CODING DETAIL [OBSOLETE] | |
| -- | 201101140120 |
| -- | VLOAD |
| 040 ## - CATALOGING SOURCE | |
| Original cataloging agency | NLI : |
| Language of cataloging | eng |
| Transcribing agency | NLMARC21 |
| 041 ## - LANGUAGE CODE | |
| Language code of text/sound track or separate title | Mal |
| 044 ## - COUNTRY OF PUBLISHING/PRODUCING ENTITY CODE | |
| MARC country code | ii |
| 082 04 - DEWEY DECIMAL CLASSIFICATION NUMBER | |
| Classification number | 954.83 |
| Edition number | 22 |
| 100 1# - MAIN ENTRY--PERSONAL NAME | |
| Linkage | 880-01 |
| Personal name | കുറുപ്പ്, കെ. കെ. എ൯. |
| 9 (RLIN) | 349807 |
| 245 1# - TITLE STATEMENT | |
| Linkage | 880-02 |
| Title | പഴശ്ശി : : |
| Remainder of title | സമരരേഖകള് // |
| Statement of responsibility, etc. | കെ. കെ. എ൯. കുറുപ്പ് |
| 260 ## - PUBLICATION, DISTRIBUTION, ETC. | |
| Place of publication, distribution, etc. | കോഴിക്കോട് : : |
| Name of publisher, distributor, etc. | മാതൃഭൂമി,, |
| Date of publication, distribution, etc. | 2008 |
| 300 ## - PHYSICAL DESCRIPTION | |
| Extent | 195 p.: : |
| Other physical details | 1 map;; |
| Dimensions | 22 cm. |
| 500 ## - GENERAL NOTE | |
| General note | History of kerala |
| 500 ## - GENERAL NOTE | |
| General note | Includes Bibliography |
| 650 #0 - SUBJECT ADDED ENTRY--TOPICAL TERM | |
| Topical term or geographic name entry element | History, Kerala |
| 9 (RLIN) | 580236 |
| 700 1# - ADDED ENTRY--PERSONAL NAME | |
| Linkage | 880-03 |
| 880 1# - ALTERNATE GRAPHIC REPRESENTATION | |
| Linkage | 100-01/(B |
| a | Kuruppu, K.K.N. |
| 880 10 - ALTERNATE GRAPHIC REPRESENTATION | |
| Linkage | 245-02/(B |
| a | Pazhaśśi : |
| b | samararēkhakaḷ |
| d | K.K.N. Kuruppu |
| 880 1# - ALTERNATE GRAPHIC REPRESENTATION | |
| Linkage | 700-03/(B |
| 887 ## - NON-MARC INFORMATION FIELD | |
| Content of non-MARC field | hashim $a LD |
| 901 ## - LOCAL DATA ELEMENT A, LDA (RLIN) | |
| a | Mal 39775 |
| b | 18.7.08 |
| 902 ## - LOCAL DATA ELEMENT B, LDB (RLIN) | |
| a | Mal 954.83 Ku 9688 p (1) |
| 904 ## - LOCAL DATA ELEMENT D, LDD (RLIN) | |
| a | hashim |
| 905 ## - LOCAL DATA ELEMENT E, LDE (RLIN) | |
| a | $a LD |
| 942 ## - ADDED ENTRY ELEMENTS (KOHA) | |
| Source of classification or shelving scheme | Dewey Decimal Classification |
| Koha item type | Books |
| 949 ## - LOCAL PROCESSING INFORMATION (OCLC) | |
| -- | VIRTUAITEM |
| -- | 10010 |
| -- | 100 |
| 6 | DBA000039775MAL |
| Withdrawn status | Lost status | Damaged status | Not for loan | Collection code | Home library | Current library | Shelving location | Date acquired | Total Checkouts | Full call number | Barcode | Date last seen | Price effective from | Koha item type |
|---|---|---|---|---|---|---|---|---|---|---|---|---|---|---|
| Malayalam | National Library of India | National Library of India | Mal 954.83 Ku 9688 p (1) | DBA000039775MAL | 02/06/2021 | 02/06/2021 | Books |
